Every MLB All-Star Selection of the 2010s - Statistics

General Stats
  • This quiz has been taken 19 times
  • The average score is 196 of 407
Answer Stats
Selections Year(s) Team(s) Position(s) Answer % Correct
4 2011-13, 2015 MIL, DET, TEX 1B/DH Prince Fielder
100%
5 2011-15 PIT OF Andrew McCutchen
93%
3 2014-15, 2018 CHC 1B Anthony Rizzo
93%
6 2012-15, 2018-19 CIN, NYY RP Aroldis Chapman
93%
2 2011-12 CLE SS Asdrubal Cabrera
93%
6 2012-13, 2015-18 WSH OF Bryce Harper
93%
6 2012-13, 2015-18 SFG C Buster Posey
93%
7 2012-18 CHW, BOS SP Chris Sale
93%
2 2018-19 MIL OF Christian Yelich
93%
8 2011-17, 2019 LAD SP Clayton Kershaw
93%
5 2010-13, 2016 BOS DH David Ortiz
93%
1 2013 SDP SS Everth Cabrera
93%
5 2011-15 SEA SP Felix Hernandez
93%
4 2016-19 CLE SS Francisco Lindor
93%
4 2013-14, 2018-19 ATL 1B Freddie Freeman
93%
4 2012, 2014-15, 2017 MIA OF/DH Giancarlo Stanton
93%
2 2010-11 SDP RP Heath Bell
93%
6 2010-13, 2017-18 CIN 1B Joey Votto
93%
6 2012, 2014-18 HOU 2B Jose Altuve
93%
6 2010-15 TOR OF Jose Bautista
93%
1 2019 PIT 1B Josh Bell
93%
6 2010-13, 2018-19 DET, HOU SP Justin Verlander
93%
4 2013-16 SFG SP Madison Bumgarner
93%
1 2019 OAK 3B Matt Chapman
93%
7 2013-19 DET, WSH SP Max Scherzer
93%
1 2012 SFG OF Melky Cabrera
93%
7 2010-16 DET 1B/3B Miguel Cabrera
93%
8 2012-19 LAA OF Mike Trout
93%
5 2015-19 COL 3B Nolan Arenado
93%
6 2013-18 ARI 1B Paul Goldschmidt
93%
1 2010 CLE SP Roberto Hernandez
93%
7 2010-14, 2016-17 NYY, SEA 2B Robinson Cano
93%
4 2010-12, 2015 MIL OF Ryan Braun
93%
6 2013-18 KC C Salvador Perez
93%
5 2010-11, 2013-15 COL SS Troy Tulowitzki
93%
4 2012-15 BAL OF Adam Jones
86%
1 2014 CHW SS Alexei Ramirez
86%
3 2013-15 KC OF Alex Gordon
86%
1 2014 MIL 3B Aramis Ramirez
86%
1 2016 SFG 1B Brandon Belt
86%
2 2011-12 ATL 3B Chipper Jones
86%
1 2013 BAL 1B Chris Davis
86%
2 2011-12 CLE RP Chris Perez
86%
7 2011-14, 2016-18 ATL, BOS RP Craig Kimbrel
86%
5 2010-12, 2014-15 TB, DET SP David Price
86%
2 2014-15 LAD, MIA 2B Dee Gordon
86%
1 2010 FLA SS Hanley Ramirez
86%
5 2010-11, 2014, 2016, 2018 BOS, CHC SP Jon Lester
86%
2 2017-18 CLE 3B Jose Ramirez
86%
3 2015-16, 2019 CHC 3B Kris Bryant
86%
4 2013, 2015-16, 2018 BAL 3B/SS Manny Machado
86%
4 2016-19 BOS OF Mookie Betts
86%
5 2013-15, 2017-18 TEX, BAL, SEA OF/DH Nelson Cruz
86%
3 2015-17 KC RP Wade Davis
86%
8 2010-18 STL C Yadier Molina
86%
2 2010, 2013 STL SP Adam Wainwright
79%
4 2010-12, 2014 BOS, TEX 3B Adrian Beltre
79%
3 2010-11, 2015 SDP, BOS, LAD 1B Adrian Gonzalez
79%
2 2010, 2015 STL, LAA 1B Albert Pujols
79%
3 2012-13, 2016 COL OF/DH Carlos Gonzalez
79%
4 2014, 2017-19 COL OF Charlie Blackmon
79%
2 2017, 2019 LAD OF Cody Bellinger
79%
3 2015, 2017, 2019 COL, NYY 2B DJ LeMahieu
79%
2 2010, 2013 BOS 2B Dustin Pedroia
79%
3 2013-14, 2016 TOR DH Edwin Encarnacion
79%
2 2011-12 OAK, WSH SP Gio Gonzalez
79%
2 2018-19 CHC 2B/SS Javier Baez
79%
3 2010, 2012-13 MIN C Joe Mauer
79%
2 2013, 2016 MIA SP Jose Fernandez
79%
3 2010-12 TEX OF Josh Hamilton
79%
2 2018-19 MIA, PHI C JT Realmuto
79%
3 2016-18 LAD RP Kenley Jansen
79%
2 2015, 2018 KC, MIL OF Lorenzo Cain
79%
3 2010-11, 2013 NYY RP Mariano Rivera
79%
2 2011-12 SFG SP Matt Cain
79%
4 2014, 2017-19 CLE, HOU OF Michael Brantley
79%
2 2010-11 NYY 3B Alex Rodriguez
71%
2 2016-17 NYY, CLE RP Andrew Miller
71%
1 2019 WSH 3B Anthony Rendon
71%
3 2010-11, 2013 CIN 2B Brandon Phillips
71%
3 2010-11, 2013 ATL C Brian McCann
71%
4 2011-13, 2016 NYM, STL, NYY OF/DH Carlos Beltran
71%
3 2010-11, 2013 TEX, PHI SP Cliff Lee
71%
3 2011, 2012, 2016 PHI, TEX SP Cole Hamels
71%
3 2010, 2012-13 NYM 3B David Wright
71%
1 2016 KC 1B Eric Hosmer
71%
2 2014-15 MIL RP Francisco Rodriguez
71%
3 2015, 2018-19 PIT, HOU SP Gerrit Cole
71%
3 2015, 2018-19 NYM SP Jacob deGrom
71%
1 2019 CHW C James McCann
71%
3 2014-16 OAK, TOR 3B Josh Donaldson
71%
4 2010-12, 2015 STL OF Matt Holliday
71%
2 2010-11 PHI SP Roy Halladay
71%
2 2011, 2015 NYY, TOR C Russell Martin
71%
1 2015 ATL SP Shelby Miller
71%
1 2016 BOS SP Steven Wright
71%
2 2017-18 NYY OF Aaron Judge
64%
1 2016 STL SS Aledmys Diaz
64%
2 2015, 2018 SFG SS Brandon Crawford
64%
1 2010 TB OF Carl Crawford
64%
1 2017 HOU SS Carlos Correa
64%
2 2015, 2017 STL SP Carlos Martinez
64%
2 2010, 2014 PHI 2B Chase Utley
64%
3 2016-18 CLE SP Corey Kluber
64%
3 2014, 2016-17 NYM, WSH 2B Daniel Murphy
64%
1 2018 SEA RP Edwin Diaz
64%
1 2018 CIN 3B Eugenio Suarez
64%
1 2010 TB 3B Evan Longoria
64%
3 2017-19 HOU OF George Springer
64%
3 2010, 2012, 2014 TEX, DET 2B Ian Kinsler
64%
1 2010 SEA OF Ichiro Suzuki
64%
2 2013, 2015 CLE 2B Jason Kipnis
64%
3 2015, 2018-19 DET, BOS OF/DH JD Martinez
64%
1 2012 BAL RP Jim Johnson
64%
1 2013 BAL SS JJ Hardy
64%
2 2013-14 WSH SP Jordan Zimmermann
64%
3 2014, 2018-19 CHW 1B Jose Abreu
64%
2 2018-19 MIL RP Josh Hader
64%
1 2010 FLA SP Josh Johnson
64%
1 2019 ARI 2B Ketel Marte
64%
1 2011 PIT SP Kevin Correia
64%
2 2016-17 MIA OF Marcell Ozuna
64%
3 2011-12, 2018 LAD OF Matt Kemp
64%
3 2015, 2017, 2019 KC, MIL 3B/2B Mike Moustakas
64%
1 2019 ATL OF Ronald Acuna Jr.
64%
1 2017 WSH 1B Ryan Zimmerman
64%
1 2019 CLE SP Shane Bieber
64%
1 2016 PIT OF Starling Marte
64%
3 2012, 2016-17 WSH SP Stephen Strasburg
64%
2 2010-11 SFG SP Tim Lincecum
64%
2 2018-19 COL SS Trevor Story
64%
2 2010, 2014 BOS, DET C/DH Victor Martinez
64%
1 2016 HOU RP Will Harris
64%
1 2014 LAD OF Yasiel Puig
64%
4 2012-14, 2017 TEX SP Yu Darvish
64%
5 2014-15, 2017-19 LAD, ARI SP Zack Greinke
64%
2 2018-19 HOU 3B Alex Bregman
57%
2 2013, 2016 TB, CHC 2B Ben Zobrist
57%
2 2010-11 SFG RP Brian Wilson
57%
2 2011-12 NYY SP CC Sabathia
57%
1 2010 STL SP Chris Carpenter
57%
2 2011-12 TEX, LAA SP CJ Wilson
57%
2 2016-17 LAD SS Corey Seager
57%
4 2014-17 NYY RP Dellin Betances
57%
2 2010, 2012 TEX SS Elvis Andrus
57%
1 2014 MIA SP Henderson Alvarez
57%
1 2013 HOU C Jason Castro
57%
1 2019 MIN SS Jorge Polanco
57%
2 2014, 2017 PIT OF/2B Josh Harrison
57%
3 2011, 2015, 2017 ARI, SDP, DET OF Justin Upton
57%
2 2015-16 KC RP Kelvin Herrera
57%
1 2014 MIN C Kurt Suzuki
57%
1 2014 SEA 3B Kyle Seager
57%
2 2012, 2016 LAA, BAL OF Mark Trumbo
57%
3 2013-14, 2016 STL 2B/3B Matt Carpenter
57%
1 2012 TEX SP Matt Harrison
57%
1 2013 NYM SP Matt Harvey
57%
4 2011-12, 2014, 2016 BAL C Matt Wieters
57%
1 2018 ATL OF Nick Markakis
57%
1 2016 PHI OF Odubel Herrera
57%
2 2011-12 SFG 3B Pablo Sandoval
57%
3 2010-12 CHW 1B Paul Konerko
57%
1 2013 PIT 3B Pedro Alvarez
57%
1 2019 NYM 1B Pete Alonso
57%
1 2011 PHI 3B Placido Polanco
57%
1 2012 NYM SP RA Dickey
57%
2 2010-11 CIN 3B Scott Rolen
57%
4 2011-12, 2014, 2017 CHC, NYY SS/2B Starlin Castro
57%
1 2010 TEX DH Vladimir Guerrero
57%
1 2019 SFG RP Will Smith
57%
2 2018-19 CHC C Willson Contreras
57%
1 2016 TOR SP Aaron Sanchez
50%
1 2012 CHW DH Adam Dunn
50%
1 2016 MIA RP AJ Ramos
50%
1 2015 KC SS Alcides Escobar
50%
2 2010-11 LAD OF Andre Ethier
50%
1 2012 KC DH Billy Butler
50%
1 2018 TB SP Blake Snell
50%
1 2015 MIN 2B Brian Dozier
50%
2 2013-14 MIL OF Carlos Gomez
50%
2 2015, 2017 TB SP Chris Archer
50%
2 2011-12 NYY OF Curtis Granderson
50%
1 2013 PHI OF Domonic Brown
50%
3 2012, 2014, 2016 TB, SEA, MIA RP Fernando Rodney
50%
1 2011 FLA 1B Gaby Sanchez
50%
2 2017, 2019 NYY C Gary Sanchez
50%
3 2013-14, 2017 KC, COL RP Greg Holland
50%
3 2011, 2014, 2019 HOU, SFG, TEX OF/DH Hunter Pence
50%
1 2019 LAD SP Hyun-jin Ryu
50%
2 2012, 2016 WSH, TEX SS/OF Ian Desmond
50%
1 2011 BOS OF Jacoby Ellsbury
50%
1 2016 CHC SP Jake Arrieta
50%
1 2010 ATL OF Jason Heyward
50%
3 2010-12 LAA SP Jered Weaver
50%
2 2014, 2016 CIN, SFG SP Johnny Cueto
50%
2 2014, 2016 MIL C Jonathan Lucroy
50%
1 2017 LAD 3B Justin Turner
50%
1 2014 TOR SP Mark Buehrle
50%
1 2015 NYY 1B Mark Teixeira
50%
1 2017 NYM OF Michael Conforto
50%
1 2016 NYM SP Noah Syndergaard
50%
1 2018 ATL 2B Ozzie Albies
50%
2 2014, 2018 OAK, WSH RP Sean Doolittle
50%
1 2018 CLE SP Trevor Bauer
50%
2 2016, 2018 WSH, TB C Wilson Ramos
50%
2 2016, 2019 BOS SS Xander Bogaerts
50%
2 2014, 2016 OAK, NYM OF Yoenis Cespedes
50%
1 2017 OAK 1B Yonder Alonso
50%
1 2018 PHI SP Aaron Nola
43%
1 2016 CHC SS Addison Russell
43%
1 2015 ARI OF AJ Pollock
43%
1 2011 DET C Alex Avila
43%
1 2017 LAD SP Alex Wood
43%
1 2019 TB 2B Brandon Lowe
43%
1 2019 MIL SP Brandon Woodruff
43%
1 2015 NYY OF Brett Gardner
43%
1 2019 CLE 1B Carlos Santana
43%
2 2010, 2013 BOS SP Clay Buchholz
43%
2 2015, 2017 HOU SP Dallas Keuchel
43%
1 2012 ATL 2B Dan Uggla
43%
1 2014 OAK C Derek Norris
43%
1 2017 MIN SP Ervin Santana
43%
2 2018-19 PIT RP Felipe Vazquez
43%
3 2011-12, 2016 CIN OF Jay Bruce
43%
2 2010-11 NYM SS Jose Reyes
43%
2 2014, 2016 ATL SP Julio Teheran
43%
1 2010 MIN 1B Justin Morneau
43%
1 2017 TOR 1B Justin Smoak
43%
3 2013, 2015-16 PIT RP Mark Melancon
43%
2 2014, 2019 NYY SP Masahiro Tanaka
43%
1 2019 LAD 1B Max Muncy
43%
2 2011, 2014 ARI C Miguel Montero
43%
1 2017 MIN 3B Miguel Sano
43%
1 2019 TEX SP Mike Minor
43%
1 2012 TEX C Mike Napoli
43%
1 2018 STL SP Miles Mikolas
43%
1 2019 STL SS Paul DeJong
43%
1 2010 PHI DH Ryan Howard
43%
2 2015-16 OAK C Stephen Vogt
43%
2 2014-15 CIN 3B Todd Frazier
43%
1 2013 CHC SP Travis Wood
43%
1 2015 STL RP Trevor Rosenthal
43%
1 2010 COL SP Ubaldo Jimenez
43%
1 2016 SDP 1B Wil Myers
43%
1 2018 CLE C Yan Gomes
43%
2 2015, 2019 LAD, MIL C Yasmani Grandal
43%
2 2015-16 BAL RP Zach Britton
43%
1 2017 CIN SS Zack Cozart
43%
1 2015 PIT SP AJ Burnett
36%
1 2010 OAK RP Andrew Bailey
36%
1 2010 NYY SP Andy Pettitte
36%
1 2017 CHW OF Avisail Garcia
36%
2 2013, 2016 OAK, NYM SP Bartolo Colon
36%
2 2018-19 HOU SP Charlie Morton
36%
1 2010 ARI OF Chris Young
36%
1 2019 COL OF David Dahl
36%
1 2012 STL 3B David Freese
36%
1 2011 NYY RP David Robertson
36%
1 2016 CHC OF Dexter Fowler
36%
1 2011 LAA 2B Howie Kendrick
36%
1 2018 TOR SP JA Happ
36%
2 2013, 2018 MIL, SEA SS Jean Segura
36%
1 2019 NYM OF Jeff McNeil
36%
1 2018 MIL 1B Jesus Aguilar
36%
1 2010 KC RP Joakim Soria
36%
1 2015 SFG 2B Joe Panik
36%
1 2019 TEX OF Joey Gallo
36%
2 2018-19 MIN SP Jose Berrios
36%
1 2019 SDP RP Kirby Yates
36%
1 2011 STL OF Lance Berkman
36%
1 2012 STL SP Lance Lynn
36%
1 2017 HOU SP Lance McCullers Jr.
36%
1 2019 CIN SP Luis Castillo
36%
2 2017-18 NYY SP Luis Severino
36%
1 2019 TOR SP Marcus Stroman
36%
2 2011, 2013 MIN, COL OF/DH Michael Cuddyer
36%
1 2011 TEX DH Michael Young
36%
1 2018 BOS 1B Mitch Moreland
36%
1 2010 TB RP Rafael Soriano
36%
1 2017 TOR RP Roberto Osuna
36%
1 2019 MIA SP Sandy Alcantara
36%
1 2018 CIN 2B Scooter Gennett
36%
2 2010, 2013 LAA, DET OF Torii Hunter
36%
2 2011, 2014 WSH RP Tyler Clippard
36%
1 2014 SDP SP Tyson Ross
36%
1 2010 MIL SP Yovani Gallardo
36%
1 2013 STL 1B Allen Craig
29%
1 2018 OAK RP Blake Treinen
29%
3 2017-19 SDP, CLE RP Brad Hand
29%
1 2012 PHI C Carlos Ruiz
29%
1 2017 TB DH Corey Dickerson
29%
1 2017 MIL RP Corey Knebel
29%
1 2015 BAL RP Darren O'Day
29%
1 2017 ATL OF Ender Inciarte
29%
1 2014 LAA SS Erick Aybar
29%
2 2018-19 NYY 2B Gleyber Torres
29%
1 2017 ARI 3B Jake Lamb
29%
1 2011 TB SP James Shields
29%
1 2018 OAK 2B Jed Lowrie
29%
3 2011, 2013, 2015 DET, STL SS Jhonny Peralta
29%
1 2015 LAD OF Joc Pederson
29%
1 2018 DET RP Joe Jimenez
29%
2 2012-2013 TEX RP Joe Nathan
29%
1 2017 BAL 2B Jonathan Schoop
29%
1 2016 CHW SP Jose Quintana
29%
1 2019 CHW SP Lucas Giolito
29%
1 2015 STL SP Michael Wacha
29%
1 2019 ATL SP Mike Soroka
29%
1 2018 SEA OF Mitch Haniger
29%
1 2010 ATL 3B Omar Infante
29%
2 2013, 2018 ARI SP Patrick Corbin
29%
2 2010, 2012 LAD, STL SS Rafael Furcal
29%
1 2011 MIL 2B Rickie Weeks
29%
1 2017 ARI SP Robbie Ray
29%
1 2019 HOU RP Ryan Pressly
29%
1 2014 OAK SP Scott Kazmir
29%
1 2013 SFG RP Sergio Romo
29%
1 2019 DET RP Shane Greene
29%
1 2011 PHI OF Shane Victorino
29%
1 2018 TEX OF Shin-Soo Choo
29%
1 2019 LAA 2B Tommy La Stella
29%
1 2019 LAD SP Walker Buehler
29%
1 2019 KC OF Whit Merrifield
29%
1 2016 TB RP Alex Colome
21%
1 2017 HOU RP Chris Devenski
21%
1 2013 BAL SP Chris Tillman
21%
1 2014 CIN C Devin Mesoraco
21%
1 2016 MIN SS Eduardo Nunez
21%
3 2013-15 MIN RP Glen Perkins
21%
1 2012 CHW SP Jake Peavy
21%
1 2013 PIT RP Jason Grilli
21%
1 2018 MIL RP Jeremy Jeffress
21%
2 2012, 2015 PHI RP Jonathan Papelbon
21%
1 2015 DET SS Jose Iglesias
21%
1 2011 BOS SP Josh Beckett
21%
1 2014 BOS RP Koji Uehara
21%
1 2019 OAK RP Liam Hendriks
21%
1 2016 TOR SP Marco Estrada
21%
1 2013 TB SP Matt Moore
21%
1 2017 DET SP Michael Fulmer
21%
1 2011 SEA SP Michael Pineda
21%
1 2018 ATL SP Mike Foltynewicz
21%
1 2010 TEX RP Neftali Feliz
21%
2 2010, 2014 ATL, SFG SP Tim Hudson
21%
1 2010 TOR OF Vernon Wells
21%
1 2016 CIN OF Adam Duvall
14%
1 2011 TEX SP Alexi Ogando
14%
1 2013 TOR SP Brett Cecil
14%
1 2011 CHW OF Carlos Quentin
14%
1 2010 MIL OF Corey Hart
14%
1 2016 CLE SP Danny Salazar
14%
1 2019 MIN SP Jake Odorizzi
14%
1 2017 KC SP Jason Vargas
14%
1 2016 NYM RP Jeurys Familia
14%
1 2019 BAL SP John Means
14%
1 2011 BOS 3B Kevin Youkilis
14%
1 2013 SFG 2B Marco Scutaro
14%
2 2010, 2012 HOU, ATL OF/DH Michael Bourn
14%
1 2016 TOR OF Michael Saunders
14%
1 2010 NYY OF Nick Swisher
14%
1 2011 TOR SP Ricky Romero
14%
1 2011 SFG SP Ryan Vogelsong
14%
1 2010 OAK SP Trevor Cahill
14%
1 2012 ARI SP Wade Miley
14%
1 2011 KC RP Aaron Crow
7%
1 2014 CIN RP Alfredo Simon
7%
1 2010 CIN RP Arthur Rhodes
7%
1 2015 TB RP Brad Boxberger
7%
1 2016 BAL RP Brad Brach
7%
1 2017 MIN RP Brandon Kintzler
7%
1 2011 SEA RP Brandon League
7%
1 2014 OAK 1B Brandon Moss
7%
1 2015 BOS OF Brock Holt
7%
1 2012 CHC 1B Bryan LaHair
7%
1 2019 SEA 1B Daniel Vogelbach
7%
1 2010 PIT RP Evan Meek
7%
1 2013 OAK RP Grant Balfour
7%
1 2015 LAA SP Hector Santiago
7%
2 2012, 2014 SDP RP Huston Street
7%
1 2011 ATL SP Jair Jurrjens
7%
1 2013 PIT SP Jeff Locke
7%
1 2014 CHC SP Jeff Samardzija
7%
1 2013 CHW RP Jesse Crain
7%
2 2011-12 PIT RP Joel Hanrahan
7%
1 2010 TOR C John Buck
7%
1 2010 LAD RP Jonathan Broxton
7%
1 2011 ATL RP Jonny Venters
7%
2 2010-11 DET RP Jose Valverde
7%
1 2013 CLE SP Justin Masterson
7%
1 2010 CHC OF Marlon Byrd
7%
1 2010 ATL 2B Martin Prado
7%
1 2010 CHW RP Matt Thornton
7%
2 2014, 2017 STL, PHI RP Pat Neshek
7%
1 2010 NYY SP Phil Hughes
7%
1 2019 TB OF Austin Meadows
0%
1 2016 SDP SP Drew Pomeranz
0%
1 2013 STL RP Edward Mujica
0%
1 2013 SEA SP Hisashi Iwakuma
0%
1 2010 LAD RP Hong Chih-Kuo
0%
1 2011 LAA RP Jordan Walden
0%
1 2010 WSH RP Matt Capps
0%
1 2011 TB OF Matt Joyce
0%
1 2018 LAD SP Ross Stripling
0%
1 2012 OAK RP Ryan Cook
0%
1 2013 TOR RP Steve Delabar
0%
1 2014 PIT RP Tony Watson
0%
1 2010 BAL 2B Ty Wigginton
0%
No matching quizzes found
Score Distribution
Percent of People with Each Score
Percentile by Number Answered
Your Score History
You have not taken this quiz